Voo 714 para Sydney (Registo nº 444)

Detalhes MARC
000 -Etiqueta do registo
Cabeçalho 00656cam a2200277 4500
005 - Identificador da versão
Campo de controlo 20240821225010.0
010 ## - Número internacional normalizado dos livros (ISBN)
Número (ISBN) 9725532384
021 ## - Número do Depósito Legal
Código do país PT
Número 63625/93
035 ## - Other System Control Numbers
System Control Number 0000459
System Control Number 0000457
System Control Number 0000457
System Control Number 0000450
100 ## - Dados gerais de processamento
Dados gerais de processamento 19930526d1993 cd y0pory5003 ba
101 1# - Língua de publicação
Língua do texto, banda sonora, etc. Português
Língua do documento no original Francês
102 ## - Pais de publicação ou produção
País de publicação Portugal
105 ## - Campo de dados codificados: livros
Dados codificados dos livros a t 000yy
106 ## - Campo de dados codificados: material textual
Dados codificados do material textual r
200 1# - Titulo e menção de responsabilidade
Título próprio Voo 714 para Sydney
Primeira menção de responsabilidade Hergé
210 ## - Publicação, Distribuição, etc. 
Lugar da edição, distribuição, etc. Lisboa
Nome do editor, distribuidor, etc. Verbo
Data da publicação, distribuição, etc. D.L. 1993
215 ## - Descrição física 
Indicação específica da natureza do documento e extensão da espécie [2], 62 p.
Outras indicações físicas todo il.
Dimensões 31 cm
225 2# - Colecção 
Título próprio da colecção As aventuras de Tintin
675 ## - Classificação Decimal Universal (CDU)
Notação 087.5
Edição BN
Língua da edição por
Edição BN
Língua da edição por
700 ## - Nome de autor-pessoa física (responsabilidade principal)
Número de registo de entrada de autoridade 0000512
Palavra de ordem Hergé
Elementos de identificação ou distinção pseud.
942 ## - Elementos de entrada adicionados (Koha)
Tipo de item no Koha Livro
Exemplares
Situação do levantamento Origin of item (home branch) (coded) Biblioteca de empréstimo Código de barras Cota Circulation type (not for loan) Tipo de documento Nota do exemplar Damaged status
  Biblioteca Escolar Eng. Nuno Mergulhão Biblioteca Escolar Eng. Nuno Mergulhão BENM491 8BD HER   Livro Sem mensagem